La faillite

Detalles Bibliográficos
Autor principal: Jehasse, Philippe
Formato: Desconocido
Lenguaje:francés
Publicado: Bľgica : Edipro, 2008
Materias:
Acceso en línea:Acceso restringido

MARC

LEADER 00000ny a22000003n 4500
005 20110621102726.0
008 091211s2008 be 000 0 fre d
020 |a 9782930287690 
035 |a 2411 
040 |a BUS  |d vLex 
090 |c 902  |d 902 
100 1 |a Jehasse, Philippe  
245 1 3 |a La faillite  |h [Recurso electrn̤ico]  |c Philippe Jehasse  
256 |a Servicio en ln̕ea 
260 |a Bľgica :  |b Edipro,  |c 2008 
300 |a p. ;  |c cm 
506 1 |a Contenido solo disponible en los productos indicados  |d vLex Global  |d vLex Global (Academic Edition, excluding Law Schools)  |d vLex Global (U.S. Academic Edition, Law Schools)  |d vLex Global (U.S. Academic Edition, excluding Law Schools)  |d vLex Global (Academic Edition, Law Schools) 
650 0 4 |a Bancos  |x Quiebra  |z Pas̕es de la Unin̤ Europea 
740 0 |a vLex Libros (Servicios en ln̕ea) 
856 4 0 |u http://vlex.com/source/2411  |z Acceso restringido 
942 |c BOOK 
999 0 |a Bank  |b Bľgica